Statistiques concernant Les 10 plus hauts grattes-ciels du monde

Cliquez ici pour prendre le quiz!

Statistiques générales

  • Ce quiz a été pris 78 fois
  • Le résultat moyen est 2 sur 10

Statistiques - réponses

HintRéponse% Correct
Dubaï ( 828m )Burj Khalifa
99%
USA ( 541m )One World Trade Center
41%
Taiwan ( 509m )Taipei 101
37%
Chine ( 632m )Tour Shanghai
10%
Corée du Sud ( 554m )Lotte World Tower
8%
Arabie Saoudite ( 601m )Makkah Clock Royal Tower
7%
Chine ( 492m )Shanghai World Financial Center
7%
Chine ( 599m )Ping An Finance Centre
3%
Chine ( 530m )Citic Tower
1%
Chine ( 530m )Tianjin Chow Tai Fook Binhai Center
1%

Distribution des résultats

Percentile par nombre de réponses

% des personnes avec chaque résultat

Votre développement - résultats

Vous n’avez pas pris ce quiz